Παιδική Σεξουαλικότητα και Τοξικομανία / Μια Απόπειρα Ψυχαναλυτικής Διερεύνησης (Record no. 357)
[ view plain ]
| 000 -LEADER | |
|---|---|
| fixed length control field | 01903cam a22001934a 4500 |
| 005 - ΗΜΕΡΟΜΗΝΙΑ ΚΑΙ ΩΡΑ ΤΕΛΕΥΤΑΙΑΣ ΕΝΗΜΕΡΩΣΗΣ | |
| Πεδίο ελέγχου | 20250605163932.0 |
| 008 - FIXED-LENGTH DATA ELEMENTS--GENERAL INFORMATION | |
| Πεδίο ελέγχου σταθερού μήκους | 250528s ||||||||||||||||||||||||d |
| 035 ## - SYSTEM CONTROL NUMBER | |
| System control number | 14737 |
| 020 ## - ISBN | |
| ISBN | 960789569 |
| 040 ## - ΠΗΓΗ ΚΑΤΑΛΟΓΟΓΡΑΦΗΣΗΣ | |
| Φορέας πρωτότυπης καταλογογράφησης | MC Athens Campus Library |
| Γλώσσα καταλογογράφησης | Ελληνικά, Μοντέρνα (1453-) |
| Modifying agency | MC Athens Campus Library |
| Κανόνες περιγραφικής καταλογογράφησης | AACR2 |
| 245 1# - ΤΙΤΛΟΣ ΚΑΙ ΔΗΛΩΣΗ ΥΠΕΥΘΥΝΟΤΗΤΑΣ | |
| Τίτλος | Παιδική Σεξουαλικότητα και Τοξικομανία / Μια Απόπειρα Ψυχαναλυτικής Διερεύνησης |
| 260 ## - PUBLICATION, DISTRIBUTION, ETC. | |
| Name of publisher, distributor, etc. | Κοαν, |
| Date of publication, distribution, etc. | 2006 |
| 300 ## - PHYSICAL DESCRIPTION | |
| Extent | 208 |
| 520 ## - SUMMARY, ETC. | |
| Summary, etc. | Το παρόν βιβλίο εξετάζει κάποια από τα αίτια, που μπορούν να οδηγήσουν στη χρήση εξαρτησιογόνων ουσιών. Πρόλογος, Λίγα Λόγια για το Έργο, Ευχαριστίες, Γνωστικό Πεδίο, Προβληματική, Υποθέσεις, Η Παιδική Ηλικία του Τοξικομανούς, Το Παιδί και η Μητέρα: Στάδιο του Καθρέφτη, Σταδιο του Σπασμένου Καθρέφτη, Παιδί και Οικογένεια, Μυστικό Μέσα στην Οικογένεια, Το Παιδί και ο Πατέρας, Η Αποπλάνηση Μέσα στην Οικογένεια, Αποπλάνηση: Εώς Που;, Μηχανισμοί Άμυνας του Εν Δυνάμει Τοξικομανούς, Η Θέση του Νόμου στη Ζωή του Τοξικομανούς, Ναρκισσισμός και Τοξικομανία, Εξάρτηση - Θάνατος - Φαντασιακό - Πραγματικότητα - Χρόνος, Η Σεξουαλικότητα των Τοξικομανών, Τοξικομανείς: Ψυχικές Δομές, Βιβλιογραφία, Συγγραφείς, Σημειώσεις. |
| 700 1# - ΠΡΟΣΘΕΤΗ ΑΝΑΓΡΑΦΗ--ΦΥΣΙΚΟ ΠΡΟΣΩΠΟ | |
| Personal name | Λαζάρου Καρασάββας Καλλίμαχος |
| 9 (RLIN) | 490 |
| 942 ## - ADDED ENTRY ELEMENTS (KOHA) | |
| Koha item type | Books |
| Τύπος τεκμηρίου | Βιβλιοθήκη | Τρέχουσα τοποθεσία | Barcode | Αριθμός εισαγωγής | Ημερομηνία απόκτησης | Ταξιθετικό σύμβολο | Αριθμός αντιτύπου | Κατάσταση απόσυρσης | Κατάσταση χαμένου | Κατάσταση κατεστραμμένου | Μη δανεισμός | Σύνολο δανεισμών | Ημερομηνία τελευταίας εμφάνισης | Η τιμή ισχύει από |
|---|---|---|---|---|---|---|---|---|---|---|---|---|---|---|
| Books | MC Athens Campus Library | MC Athens Campus Library | 9780000003560 | 4308 | 05/06/2025 | 155.3 KAR | 1 | 05/06/2025 | 05/06/2025 |